Pays avec le plus grand nombre de voisins - Statistiques

Statistiques générales
  • Ce quiz a été pris 72 fois
  • Le résultat moyen est 8 sur 11
Statistiques - réponses
Nombre de Voisins Réponse % Correct
14 Chine
97%
14 Russie
97%
8 France
92%
10 Brésil
88%
9 République Démocratique du Congo
86%
9 Allemagne
85%
8 Autriche
71%
8 Turquie
56%
8 Serbie
52%
8 Zambie
30%
8 Tanzanie
23%
Aucun quiz correspondant
Distribution des résultats
% des personnes avec chaque résultat
Percentile par nombre de réponses
Votre historique - résultats
Vous n’avez pas pris ce quiz